Suomen kunnat, joiden nimessä on useampi S - Statistics

Yleistilastot
  • Tätä visaa on pelattu 152 kertaa
  • Keskiarvotulos 6 / 8
Vastaustilastot
Maakunta Kunta % Oikein
Kainuu Suomussalmi
90%
Päijät-Häme Sysmä
82%
Pirkanmaa Sastamala
80%
Lappi Savukoski
79%
Kanta-Häme Forssa
68%
Varsinais-Suomi Taivassalo
68%
Pohjanmaa Mustasaari
61%
Pohjanmaa Korsnäs
44%
Ehtoja vastaavia visoja ei löytynyt
Tulosjakauma
Jokaisen tuloksen saaneiden osuus
Persentiili vastausten määrän mukaan
Tuloshistoriasi
Et ole pelannut tätä visaa